Countries and Clubs of FIFA World Cup 2022 Squads - Group F - Statistics

General Stats
  • This quiz has been taken 129 times
  • The average score is 12 of 23
Answer Stats
Answer % Correct
Spain
88%
Croatia
87%
England
86%
France
86%
Belgium
84%
Canada
83%
Germany
83%
Italy
79%
Real Madrid
64%
Club Brugge
54%
Dinamo Zagreb
53%
Anderlecht
49%
Portugal
49%
Atletico Madrid
45%
Sevilla
41%
Toronto FC
36%
Borussia Dortmund
28%
CF Montreal
28%
Turkey
26%
Leicester City
22%
Angers
16%
Rennes
13%
Wydad AC
13%
No matching quizzes found
Score Distribution
Percent of People with Each Score
Percentile by Number Answered
Your Score History
You have not taken this quiz